| 000 | 00586nam a2200217Ia 4500 | ||
|---|---|---|---|
| 005 | 20260429111904.0 | ||
| 008 | 260429s9999||||xx |||||||||||||| ||und|| | ||
| 020 | _a9788184842739 | ||
| 041 | _aEnglish | ||
| 082 |
_a338.4791 _bAHM |
||
| 100 | _aAhmed, Rais | ||
| 245 | 0 |
_aTourism and rural management / _cRais Ahmed |
|
| 260 |
_aNew Delhi : _bRegal Publications, _c2013. |
||
| 300 | _axvi, 446 p.; hb | ||
| 650 | _a Rural development | ||
| 650 | _a Rural tourism | ||
| 650 | _a Sustainable tourism | ||
| 650 | _aTourism management | ||
| 700 | _a Dhingra, Atul | ||
| 942 | _cTB | ||
| 999 |
_c51287 _d51287 |
||